| 000 | 01017nam a2200229Ia 4500 | ||
|---|---|---|---|
| 003 | Ost | ||
| 005 | 20260507075201.0 | ||
| 008 | 260507s9999||||xx |||||||||||||| ||und|| | ||
| 040 | _cfsecg | ||
| 041 | _aara | ||
| 082 | _a330 | ||
| 100 |
_aهدو، عادل أحمد _eمؤلف |
||
| 245 | 0 |
_aالرياضيات للإقتصاد و العلوم الادارية / _c عادل أحمد هدو |
|
| 260 |
_aعمان: _bدار المسيرة, _c2009 |
||
| 300 |
_a334 صفحة؛ _bإيضاحات ؛ _c24 سم |
||
| 504 | _aمراجع ص.335 | ||
| 520 | _aعرض المفاهيم الرياضية والاحصائية بدءا بلأعداد وأنواعها ،ثم نظرية المجموعات ، الاحتمالات ،المعادلات ،الدوال الخطية ،المتباينات والبرمجة الخطية ،المتتاليات والتكامل وتطبيقاته . | ||
| 653 | _aالإقتصاد | ||
| 653 | _aالرياضيات | ||
| 653 | _aالعلوم الإدارية | ||
| 942 | _cكتاب | ||
| 999 |
_c43402 _d43402 |
||